000 00588nam a2200229Ia 4500
005 20250425162740.0
008 250425s9999 xx 000 0 und d
020 _a0385183518
041 _aeng
082 _a338.4762
100 _aMALONE, MICHAEL S
245 0 _aTHE BIG SCORE: THE BILLION-DOLLAR STORY OF SILICON VALLEY
250 _aS.E.
260 _aEstados Unidos
_bDOUBLEDAY
_c1985
260 _aNEW YORK
300 _a442
500 _aDONADO POR GUILLERMO AROSEMENA
650 _aRELACIONES INDUSTRIALES
710 _aDOUBLEDAY
942 _c01
010 _a104691
999 _c235647
_d235647